| 000 | 01675nam0a2200325 4500 | ||
|---|---|---|---|
| 001 | RU\NLR\bibl\1804715 | ||
| 005 | 20250616151427.0 | ||
| 021 |
_aRU _b2011-58092 _94111 |
||
| 021 |
_aRU _b2011-68548 _94839 |
||
| 035 | _a(NLR Aleph) 001795364 | ||
| 090 |
_a1779345 _c1779345 |
||
| 100 | _a20110902d2011 |||y0rusy50 ca | ||
| 101 | 0 | _arus | |
| 102 | _aRU | ||
| 105 | _aa ||||||||| | ||
| 200 | 1 |
_aФасции и клетчаточные пространства головы и шеи _eучебное пособие _fО.В. Калмин, П.В. Иванов _gМ-во образования и науки РФ, Гос. образоват. учреждение высш. проф. образования "Пенз. гос. ун-т" |
|
| 210 |
_aПенза _cИзд-во ПГУ _d2011 |
||
| 215 |
_a77 с. _cил. _d29 |
||
| 606 | 1 |
_aГолова _jУчебные издания для высших учебных заведений _xТопографическая анатомия _91441357 _3RU\NLR\auth\66299455 |
|
| 606 | 1 |
_aШея _jУчебные издания для высших учебных заведений _xТопографическая анатомия _91565958 _3RU\NLR\auth\66685590 |
|
| 686 | _aР457.14я73 | ||
| 686 | _aР457.24я73 | ||
| 700 | 1 |
_4070 _7ca _8rus _aКалмин _bО. В. _f1965- _gОлег Витальевич _9229454 _3RU\NLR\AUTH\770229510 |
|
| 701 | 1 |
_4070 _aИванов _bП. В. _cд-р мед. наук, стоматология _gПетр Владимирович _9185813 _3RU\NLR\AUTH\770185864 |
|
| 801 | 0 |
_aRU _bNLR _c20110902 _gRCR |
|
| 801 | 1 |
_aRU _bNLR _c20110902 |
|
| 942 | _cBOOK | ||
| 980 | _aNB | ||